Η μικρασιατική ήττα : Αύγουστος 1922

Saved in:
Bibliographic Details
Main Author: Κανελλόπουλος, Κωνσταντίνος Δ.
Format: Book
Language:Greek
Published: Αθήναι : Ν. Τιλπέρογλου, 1936
Subjects:
Tags: Add Tag
No Tags, Be the first to tag this record!

MARC

LEADER 00000nam a2200000 i 4500
001 1/13033
008 971211s1936 gre d
035 |1 ΠΑΡ  |a 1997  |l 10018876 
040 |a GR-MY-UA  |b gre  |e aacr 
041 0 |a gre 
082 0 |a 938.726 
100 1 |a Κανελλόπουλος, Κωνσταντίνος Δ. 
245 1 2 |a Η μικρασιατική ήττα :  |b Αύγουστος 1922 /  |c Κ. Δ. Κανελλοπούλου 
260 |a Αθήναι :   |b Ν. Τιλπέρογλου,   |c 1936 
300 |a 333 σ.  |b χάρτες 
500 |a Σχεδιαγράμματα εντός κειμένου 2, εκτός κειμένου 10 
500 |a Συνοδεύεται απο τρία σχεδιαγράμματα-χάρτες 
650 0 0 |a Greco-Turkish War, 1921-1922. 
852 |a INST  |b LESVOS  |e 19971211  |h 938.726 ΚΑΝ  |p 005100015433  |q 005100015433  |t BK  |y 0 
852 |a INST  |b LESVOS  |e 20001106  |h 938.726 ΚΑΝ   |p 005100025440  |q 005100025440  |t BK  |y 0 
909 |a Λ  |b 052087 
920 |a ΔΩΡΕΑ ΒΙΒΛΙΟΘΗΚΗΣ  |y ΛΕΣΒΟΣ  |z 1996-02 
970 |z 2000/05/ΟΙΚΟΝΟΜΟΠΟΥΛΟΥ ΧΡΙΣΤΙΝΑ